Drapeaux, formes et capitales - Europe - Statistiques

Statistiques générales
  • Ce quiz a été pris 685 fois
  • Le résultat moyen est 95 sur 138
Statistiques - réponses
Par images Réponse % Correct
Irlande
98%
Portugal
98%
Belgique
96%
France
96%
Grèce
96%
Pays-Bas
96%
Suisse
96%
Espagne
95%
Italie
94%
Norvège
94%
Royaume-Uni
94%
Allemagne
93%
Finlande
93%
Pologne
93%
Croatie
91%
Islande
91%
Luxembourg
91%
Ukraine
91%
Albanie
90%
Bulgarie
90%
Chypre
90%
Macédoine du Nord
90%
République Tchèque
90%
Roumanie
90%
Russie
90%
Serbie
90%
Suède
90%
Autriche
89%
Cité du Vatican
89%
Estonie
89%
Italie
89%
Monaco
89%
Danemark
88%
Hongrie
88%
France
87%
Lettonie
87%
Kosovo (non reconnu par l'ONU)
86%
Lituanie
86%
Malte
86%
Slovaquie
86%
Slovénie
86%
Biélorussie
85%
Norvège
85%
Saint-Marin
85%
Andorre
84%
Moldavie
84%
Espagne
83%
Monténégro
83%
Grèce
82%
Royaume-Uni
82%
Bosnie-Herzégovine
81%
Allemagne
79%
Liechtenstein
79%
Suède
76%
Lisbonne
75%
Paris
75%
Bruxelles
74%
Dublin
74%
Londres
74%
Madrid
74%
Athènes
73%
Autriche
73%
Berlin
73%
Chypre
73%
Rome
73%
Amsterdam
72%
Russie
72%
Berne
71%
Islande
71%
Cité du Vatican
70%
Kiev
70%
Luxembourg
70%
Monaco
70%
Croatie
68%
Oslo
68%
Portugal
68%
Varsovie
68%
Moscou
67%
Ukraine
67%
Vienne
67%
Saint-Marin
66%
Helsinki
65%
Prague
65%
Budapest
64%
Copenhague
64%
Sofia
64%
Zagreb
64%
Bucarest
63%
Stockholm
63%
Andorre-la-Vieille
60%
Finlande
60%
Roumanie
59%
La Valette
58%
Monaco
58%
Danemark
57%
Minsk
57%
Reykjavik
57%
Irlande
56%
Riga
56%
Sarajevo
55%
Suisse
55%
Tirana
55%
Vilnius
55%
Belgrade
54%
Pologne
52%
Bratislava
51%
Tallinn
51%
Albanie
50%
Belgique
50%
Cité du Vatican
50%
Kosovo
50%
Skopje
50%
Vaduz
50%
Pays-Bas
49%
Chisinau
48%
Nicosie
47%
Pristina
47%
Bosnie-Herzégovine
45%
Hongrie
45%
Moldavie
45%
Slovaquie
45%
Malte
44%
Serbie
43%
Ljubljana
42%
Podgorica
41%
Bulgarie
40%
Lettonie
39%
République Tchèque
39%
Estonie
35%
Macédoine du Nord
35%
Biélorussie
34%
Luxembourg
33%
Monténégro
32%
Slovénie
32%
Liechtenstein
30%
Lituanie
30%
Andorre
27%
Saint-Marin
25%
Aucun quiz correspondant
Distribution des résultats
% des personnes avec chaque résultat
Percentile par nombre de réponses
Votre historique - résultats
Vous n’avez pas pris ce quiz